000 00361nam a2200169Ia 4500
003 0100
008 130307s9999 xx 000 0 und d
040 _cARRUPELIB
050 _aJC153.L79 1947
100 _aLocke, John
245 _aOn politics and education
260 _aNY
260 _bClassics Club
260 _c1947
300 _a412p
942 0 0 _04
999 _c82533
_d82533